[Event "VIII World's Youth Stars"]
[Site "Kirishi RUS"]
[Date "2010.05.09"]
[Round "1"]
[White "Ganichev,Alex"]
[Black "Belous,V"]
[Result "0-1"]
[WhiteElo "2126"]
[BlackElo "2471"]
[EventDate "2010.05.09"]

1. e4 c5 2. Nf3 g6 3. c4 Bg7 4. d4 Qa5+ 5. Nc3 Nc6 6. d5 Nd4 7. Bd2 Nxf3+
8. Qxf3 d6 9. Bd3 Nh6 10. h3 O-O 11. O-O f5 12. Bxh6 Bxh6 13. exf5 Bxf5 14.
Qe2 Bxd3 15. Qxd3 Rf7 16. Rae1 Raf8 17. Re2 Bg7 18. Ne4 Bd4 19. Qa3 Qxa3
20. bxa3 Rf5 21. a4 Re5 22. Kh1 b6 23. f3 e6 24. dxe6 Rxe6 25. Rb1 g5 26.
a5 bxa5 27. Rb7 g4 28. fxg4 Rfe8 29. Rxa7 Rxe4 30. Rxe4 Rxe4 31. Rxa5 Be5
32. g3 Rxc4 33. Ra8+ Kf7 34. a4 Rc3 35. a5 Rxg3 36. a6 Rxh3+ 37. Kg2 Rg3+
0-1

[Event "VIII World's Youth Stars"]
[Site "Kirishi RUS"]
[Date "2010.05.09"]
[Round "1"]
[White "Lintchevski,D"]
[Black "Oparin,G"]
[Result "1-0"]
[WhiteElo "2503"]
[BlackElo "2348"]
[EventDate "2010.05.09"]

1. e4 c5 2. Nf3 d6 3. d4 cxd4 4. Nxd4 Nf6 5. Nc3 a6 6. h3 e5 7. Nf3 b5 8.
Bg5 Be7 9. Bxf6 Bxf6 10. Nd5 Nd7 11. c4 O-O 12. cxb5 axb5 13. Bxb5 Qa5+ 14.
Nc3 Nc5 15. O-O Nxe4 16. Nxe4 Qxb5 17. Nxf6+ gxf6 18. Qxd6 Be6 19. Qd2 Rxa2
20. Rxa2 Bxa2 21. Qh6 e4 22. Nd2 Qe5 23. Re1 Bd5 24. Re3 Re8 25. Rg3+ Qxg3
26. fxg3 e3 27. Kf1 exd2 28. Qxd2 Be6 29. g4 Kg7 30. Qd4 h6 31. b4 Rb8 32.
Qc5 Bd7 33. Kf2 Rb5 34. Qd6 Be8 35. h4 Re5 36. g5 hxg5 37. h5 Re6 38. Qd8
Kh6 39. g4 Kg7 40. Qd4 Re5 41. Qd6 Re6 42. Qd8 Bb5 43. Qb8 Re2+ 44. Kf3 Re5
45. h6+ Kxh6 46. Qh8+ Kg6 47. Qg8+ Kh6 48. Qxf7 Bc6+ 49. Kf2 1-0

[Event "VIII World's Youth Stars"]
[Site "Kirishi RUS"]
[Date "2010.05.09"]
[Round "1"]
[White "Bukavshin,I"]
[Black "Shimanov,A"]
[Result "0-1"]
[WhiteElo "2435"]
[BlackElo "2544"]
[EventDate "2010.05.09"]

1. e4 e6 2. d4 d5 3. exd5 exd5 4. Nf3 Bd6 5. c4 Nf6 6. Nc3 dxc4 7. Bxc4 O-O
8. O-O Nc6 9. Bg5 h6 10. Bh4 g5 11. Bg3 Bg4 12. Qd3 Bxf3 13. Qxf3 Bxg3 14.
hxg3 Qxd4 15. Bb3 Rae8 16. Nb5 Qe5 17. Nxc7 Re7 18. Nb5 Kg7 19. Nc3 Rd8 20.
Rad1 Nd4 21. Qd3 b5 22. a3 a5 23. Kh1 g4 24. Bc2 Qh5+ 25. Kg1 Nf3+ 26. gxf3
Rxd3 27. Rxd3 gxf3 28. Bd1 Ng4 0-1

[Event "VIII World's Youth Stars"]
[Site "Kirishi RUS"]
[Date "2010.05.09"]
[Round "1"]
[White "Zherebukh,Y"]
[Black "Sethuraman,S"]
[Result "1-0"]
[WhiteElo "2567"]
[BlackElo "2493"]
[EventDate "2010.05.09"]

1. e4 e6 2. d4 d5 3. Nc3 Nf6 4. e5 Nfd7 5. f4 c5 6. Nf3 Nc6 7. Be3 Be7 8.
Qd2 O-O 9. Be2 b6 10. O-O Bb7 11. Nd1 cxd4 12. Nxd4 Nxd4 13. Bxd4 Nb8 14.
Ne3 Nc6 15. c3 Rc8 16. Bb5 Nxd4 17. cxd4 g6 18. Rae1 a6 19. Bd3 Qd7 20. f5
Qa4 21. a3 Bg5 22. h4 Bh6 23. fxe6 fxe6 24. Rxf8+ Rxf8 25. Bc2 Qb5 26. b4
Rf4 27. Qd1 Qc6 28. Ng4 Bg7 29. g3 Rf8 30. h5 Rc8 31. Re2 Qc3 32. hxg6 hxg6
33. Kg2 Rc4 34. Bxg6 Qxd4 35. Qh1 Kf8 36. Rf2+ Ke7 37. Rf7+ Kd8 38. Rxg7
Qd2+ 39. Nf2 1-0

[Event "VIII World's Youth Stars"]
[Site "Kirishi RUS"]
[Date "2010.05.10"]
[Round "2"]
[White "Ter Sahakyan,S"]
[Black "Bernadskiy,V"]
[Result "0-1"]
[WhiteElo "2523"]
[BlackElo "2330"]
[EventDate "2010.05.09"]

1. e4 e5 2. Nf3 Nc6 3. Bb5 a6 4. Ba4 Nf6 5. O-O Be7 6. Re1 b5 7. Bb3 d6 8.
c3 O-O 9. d4 Bg4 10. Be3 exd4 11. cxd4 d5 12. e5 Ne4 13. a3 Na5 14. Bc2 Nc4
15. Bc1 f6 16. b3 Nb6 17. h3 Bh5 18. e6 f5 19. Qd3 Qd6 20. Ne5 c5 21. f3
cxd4 22. Bf4 Qxe6 23. Nd2 Rac8 24. fxe4 fxe4 25. Nxe4 Bg6 26. Nxg6 Qxg6 27.
Be5 dxe4 28. Rxe4 Rc3 29. Qe2 Bf6 30. Bxf6 Qxf6 31. Re1 Nd5 32. Qd2 Ne3 33.
Bb1 Rd8 34. Qe2 g6 35. b4 Kg7 36. Qb2 Rd7 37. Kh1 Rf7 38. Kg1 Re7 39. Rxe7+
Qxe7 40. Qf2 Qf6 41. Qa2 Qg5 42. Be4 Rc2 43. Qe6 Rxg2+ 44. Kh1 Rg3 45. Rc1
Kh6 46. Bb7 Nf5 0-1

[Event "VIII World's Youth Stars"]
[Site "Kirishi RUS"]
[Date "2010.05.10"]
[Round "2"]
[White "Shimanov,A"]
[Black "Zherebukh,Y"]
[Result "1/2-1/2"]
[WhiteElo "2544"]
[BlackElo "2567"]
[EventDate "2010.05.09"]

1. d4 d5 2. c4 c6 3. Nf3 Nf6 4. e3 Bf5 5. Nc3 e6 6. Nh4 Be4 7. f3 Bg6 8.
Qb3 Qc7 9. Bd2 Nbd7 10. cxd5 Nxd5 11. e4 Nxc3 12. bxc3 Be7 13. Nxg6 hxg6
14. g3 Rxh2 15. Rxh2 Qxg3+ 16. Rf2 Bh4 17. O-O-O Qxf2 18. Qxb7 Rd8 19. Qxc6
Qxf3 20. Bc4 Bg5 21. Kc2 Bxd2 22. Rxd2 Ke7 23. Re2 g5 24. d5 exd5 25. exd5+
Kf8 26. Qc7 Qf5+ 27. Bd3 Qf6 28. d6 g6 29. Re7 Qf2+ 30. Be2 Qf5+ 31. Bd3
Qf2+ 32. Kc1 Qg1+ 33. Kd2 Qf2+ 34. Be2 Qf4+ 35. Kd1 Rb8 36. Qxd7 Rb2 37.
Qe8+ Kg7 38. Re3 Qxd6+ 39. Bd3 g4 40. Qe5+ Qxe5 41. Rxe5 Rxa2 42. c4 g3 43.
Rg5 g2 44. Ke1 Kf6 45. Rg4 g1=Q+ 46. Rxg1 Ra1+ 47. Kf2 1/2-1/2

[Event "VIII World's Youth Stars"]
[Site "Kirishi RUS"]
[Date "2010.05.10"]
[Round "2"]
[White "Oparin,G"]
[Black "Bukavshin,I"]
[Result "0-1"]
[WhiteElo "2348"]
[BlackElo "2435"]
[EventDate "2010.05.09"]

1. e4 e5 2. Nf3 Nc6 3. Bc4 Bc5 4. c3 Nf6 5. d3 O-O 6. O-O d5 7. exd5 Nxd5
8. b4 Be7 9. b5 Na5 10. Bxd5 Qxd5 11. c4 Qe6 12. Nc3 b6 13. Re1 f6 14. Ne4
Rd8 15. Qc2 c5 16. Bd2 Nb7 17. Bc3 Nd6 18. Nfd2 Bb7 19. f4 Nf7 20. Nf3 f5
21. Ned2 Qg6 22. Bxe5 Nxe5 23. fxe5 Rd4 24. Re2 Rf4 25. Rf1 Qh5 26. Ref2
Rd8 27. Ne1 Rxf2 28. Rxf2 Bh4 29. Rf1 Qe2 30. Nef3 Bxf3 31. Rxf3 Bg5 32. d4
g6 33. Qd3 Qxd2 34. Qxd2 Bxd2 35. d5 Kf7 36. Ra3 Ba5 37. Kf2 Re8 38. Re3
Bd2 39. e6+ Kf6 40. Ra3 Ra8 41. Ke2 Bf4 42. g3 Bd6 43. Ra6 Ke7 44. a4 g5
45. Kf3 Bc7 46. Kf2 Kd8 47. Kf3 h5 48. Ke3 Ke7 49. Kf3 Kd6 50. Ke3 Bd8 51.
a5 Ke7 52. h4 gxh4 53. gxh4 bxa5 54. Rc6 Bb6 55. Kf4 Kf6 56. e7+ Kxe7 57.
Kxf5 a4 58. Rg6 Rf8+ 59. Ke5 Bc7+ 60. d6+ Bxd6+ 61. Rxd6 Rf5+ 0-1

[Event "VIII World's Youth Stars"]
[Site "Kirishi RUS"]
[Date "2010.05.11"]
[Round "3"]
[White "Lintchevski,D"]
[Black "Belous,V"]
[Result "0-1"]
[WhiteElo "2503"]
[BlackElo "2471"]
[EventDate "2010.05.09"]

1. e4 c5 2. Nf3 g6 3. d4 Bg7 4. d5 d6 5. Nc3 Nf6 6. Bb5+ Bd7 7. a4 O-O 8.
h3 Bxb5 9. axb5 Nbd7 10. O-O Nb6 11. Re1 Nfd7 12. Qe2 Qc8 13. Bf4 Bxc3 14.
bxc3 f6 15. Ra2 a6 16. bxa6 Rxa6 17. Rxa6 bxa6 18. Ra1 Qb7 19. Qxa6 Qxa6
20. Rxa6 Ra8 21. Rxa8+ Nxa8 22. Kf1 Nab6 23. Bd2 Kg7 24. Nh4 Nc4 25. Ke2
Na3 26. Kd1 Ne5 27. f4 Nec4 28. Kc1 Nb1 29. Be1 Nba3 30. g4 Ne3 31. Bf2
Nec4 32. Nf3 f5 33. exf5 gxf5 34. gxf5 Nb6 35. Nd2 Nac4 36. Nxc4 Nxc4 37.
Kd1 Nb6 38. Ke2 Nxd5 39. Kf3 Nxc3 40. Be1 Nd5 41. Ke4 Nf6+ 42. Kf3 Kf7 43.
Bh4 d5 44. Ke3 Ne4 45. Kd3 Nd6 46. Bf2 Nb7 47. Bh4 h5 48. c3 Na5 49. Bf2
Nb3 50. c4 d4 51. Be1 Nc1+ 52. Kd2 Na2 53. Kd3 Nc3 54. Bxc3 dxc3 55. Kxc3
Kf6 56. Kd3 Kxf5 57. Ke3 h4 58. Kf3 e6 59. Ke3 e5 60. fxe5 Kxe5 61. Kd2 Kd4
0-1

[Event "VIII World's Youth Stars"]
[Site "Kirishi RUS"]
[Date "2010.05.11"]
[Round "3"]
[White "Zherebukh,Y"]
[Black "Oparin,G"]
[Result "1-0"]
[WhiteElo "2567"]
[BlackElo "2348"]
[EventDate "2010.05.09"]

1. e4 c5 2. Nf3 d6 3. c3 Nf6 4. h3 g6 5. Bd3 Bg7 6. Bc2 O-O 7. d4 e5 8.
dxe5 dxe5 9. Qxd8 Rxd8 10. Be3 Nbd7 11. Na3 b6 12. Nb5 Ne8 13. Bb3 a6 14.
Bd5 Rb8 15. Na7 Bb7 16. Nc6 Bxc6 17. Bxc6 Nf8 18. Bd5 Nc7 19. Bb3 Nfe6 20.
Ke2 b5 21. Bxe6 Nxe6 22. Rhd1 c4 23. a4 Rxd1 24. Kxd1 b4 25. Nd2 f5 26. a5
bxc3 27. bxc3 Nf4 28. Bxf4 exf4 29. Kc2 fxe4 30. Nxe4 f3 31. gxf3 Rf8 32.
Ra4 Rf5 33. Kd2 h6 34. Ke2 Rb5 35. Rxc4 Rxa5 36. Rc8+ Kh7 37. c4 Ra2+ 38.
Ke3 a5 39. Rc7 g5 40. Ra7 Ra3+ 41. Ke2 Ra2+ 42. Kf1 Kg6 43. Ra6+ Kf5 44. c5
a4 45. c6 Be5 46. Ra5 Kf4 47. Kg2 h5 48. Nc5 Rd2 49. c7 g4 50. Ne6+ Kf5 51.
c8=Q 1-0

[Event "VIII World's Youth Stars"]
[Site "Kirishi RUS"]
[Date "2010.05.11"]
[Round "3"]
[White "Kashlinskaya,A"]
[Black "Shimanov,A"]
[Result "1-0"]
[WhiteElo "2346"]
[BlackElo "2544"]
[EventDate "2010.05.09"]

1. d4 Nf6 2. c4 g6 3. Nf3 Bg7 4. g3 O-O 5. Bg2 d5 6. cxd5 Nxd5 7. O-O c5 8.
e4 Nf6 9. e5 Nfd7 10. dxc5 Nxc5 11. Be3 Nd3 12. Qe2 Nxe5 13. Nxe5 Bxe5 14.
Bh6 Bg7 15. Bxg7 Kxg7 16. Rd1 Qb6 17. Nc3 e6 18. Rac1 Bd7 19. Qe5+ f6 20.
Qe2 Re8 21. Ne4 Re7 22. Qf3 f5 23. Qa3 Kf8 24. Nc5 Kf7 25. Nxb7 Nc6 26.
Nd6+ Kg8 27. Bxc6 Bxc6 28. Nc4 Qc7 29. Na5 1-0

[Event "VIII World's Youth Stars"]
[Site "Kirishi RUS"]
[Date "2010.05.12"]
[Round "4"]
[White "Belous,V"]
[Black "Ter Sahakyan,S"]
[Result "1/2-1/2"]
[WhiteElo "2471"]
[BlackElo "2523"]
[EventDate "2010.05.09"]

1. d4 d5 2. c4 c6 3. Nf3 Nf6 4. Nc3 e6 5. Bg5 h6 6. Bxf6 Qxf6 7. e3 Nd7 8.
Rc1 g6 9. Bd3 dxc4 10. Bxc4 Bg7 11. O-O O-O 12. e4 e5 13. d5 Nb6 14. dxc6
bxc6 15. Be2 Rb8 16. Qc2 h5 17. Nd1 Bd7 18. Ne3 Bh6 19. Rfd1 Qe7 20. a4
Rfd8 21. a5 Na8 22. Qc5 Qxc5 23. Rxc5 Bxe3 24. fxe3 f6 25. Rc3 Kf8 26. Nh4
Be8 27. Rxd8 Rxd8 28. Rb3 Ke7 29. Rb7+ Rd7 30. a6 Bf7 31. b4 Kd6 32. Kf2
Nb6 33. Rb8 Kc7 34. Rh8 Nc8 35. g4 Nd6 36. gxh5 Nxe4+ 37. Ke1 gxh5 38. Ra8
Kb6 39. Nf5 Nc3 40. Rb8+ Kc7 41. Rb7+ Kd8 42. Nd6 Be6 43. b5 cxb5 44. Nxb5
Nxe2 45. Rb8+ Ke7 46. Nxa7 Rd6 47. Rb7+ Kf8 48. Nb5 Rxa6 49. Nc7 Bc4 50.
Nxa6 Bxa6 51. Rb6 Bd3 52. Rxf6+ Kg7 53. Re6 e4 54. Re5 Kg6 55. h4 Nc3 56.
Rg5+ Kh6 57. Re5 Na4 58. Kf2 Nc3 59. Kg3 Ne2+ 60. Kf2 Nc1 61. Kg3 Nb3 62.
Kf4 Nd2 63. Re6+ Kg7 64. Re5 Be2 65. Rd5 Nb1 66. Rd7+ Kf6 67. Kxe4 Nc3+ 68.
Kf4 Bg4 69. Rd6+ Ke7 70. Ke5 Nd1 71. Rd3 Nb2 72. Rc3 Nd1 73. Rb3 Nf2 74. e4
Be6 75. Rb7+ Bd7 76. Kf4 Nd3+ 77. Kg5 Nc5 78. Rb4 Bg4 79. e5 Ke6 80. Rxg4
hxg4 81. Kxg4 Kxe5 82. h5 Kf6 83. h6 Kg6 84. h7 Kxh7 1/2-1/2

[Event "VIII World's Youth Stars"]
[Site "Kirishi RUS"]
[Date "2010.05.12"]
[Round "4"]
[White "Shimanov,A"]
[Black "Bernadskiy,V"]
[Result "1-0"]
[WhiteElo "2544"]
[BlackElo "2330"]
[EventDate "2010.05.09"]

1. c4 e5 2. Nc3 Nc6 3. g3 d6 4. Bg2 Be6 5. d3 Qd7 6. Rb1 Nge7 7. b4 d5 8.
b5 Nd8 9. cxd5 Nxd5 10. Nxd5 Bxd5 11. Nf3 f6 12. a4 a6 13. O-O axb5 14.
axb5 Bc5 15. Qc2 Bb6 16. Be3 O-O 17. Rfc1 Nf7 18. Nd2 Bxe3 19. fxe3 c6 20.
Nc4 Qg4 21. bxc6 bxc6 22. Rb2 h5 23. Nb6 Rad8 24. Qa4 Qg5 25. Kf2 Nh6 26.
Bf3 f5 27. Nxd5 cxd5 28. Rc7 f4 29. exf4 exf4 30. Rbb7 fxg3+ 31. hxg3 Rf7
32. Rxf7 Nxf7 33. Qf4 Qg6 34. Rb8 Rxb8 35. Qxb8+ Kh7 36. Bxd5 Qf5+ 37. Bf3
Ng5 38. Qb7 Qc5+ 39. Kg2 Qe3 40. Bxh5 Qe6 41. Kf2 Qh3 42. Be8 Qf5+ 43. Ke1
Qe5 44. Bc6 Qxg3+ 45. Kd1 Qg1+ 46. Kd2 Qd4 47. Qb5 Qf4+ 48. Kc2 Qe3 49. Kd1
Kh6 50. Qc4 g6 51. Qg4 Nh3 52. Qf3 Qxf3 53. Bxf3 Kg5 54. d4 Kf4 55. Kd2 Nf2
56. Bc6 Ng4 57. e4 Nh6 58. e5 Kf5 59. Kd3 Ke6 60. Ke4 Ng4 61. Kf4 Nf2 62.
d5+ Kf7 63. d6 Ke6 64. Bd5+ Kd7 65. Bc4 Nh3+ 66. Ke4 g5 67. Kf5 Nf4 68.
Bb5+ Kd8 69. e6 Nd5 70. Ke5 1-0

[Event "VIII World's Youth Stars"]
[Site "Kirishi RUS"]
[Date "2010.05.12"]
[Round "4"]
[White "Oparin,G"]
[Black "Kashlinskaya,A"]
[Result "0-1"]
[WhiteElo "2348"]
[BlackElo "2346"]
[EventDate "2010.05.09"]

1. e4 e5 2. Nf3 Nc6 3. Bc4 Nf6 4. d3 Be7 5. O-O O-O 6. Re1 d6 7. a4 Na5 8.
Ba2 c5 9. Nc3 Nc6 10. h3 h6 11. Ne2 Re8 12. Ng3 Bf8 13. c3 g6 14. Be3 Be6
15. Bxe6 Rxe6 16. Qd2 Kh7 17. Rad1 b6 18. Qe2 d5 19. Bc1 d4 20. Nh2 a6 21.
Rf1 Bg7 22. c4 Qe8 23. f4 exf4 24. Rxf4 Ne5 25. Nf3 Nfd7 26. Nd2 Rf6 27.
Rxf6 Nxf6 28. Rf1 Qxa4 29. Nf3 Nfd7 30. Bf4 Nxf3+ 31. Qxf3 Qc6 32. Qg4 Kg8
33. h4 Qe6 34. Qf3 b5 35. b3 bxc4 36. bxc4 a5 37. Ra1 a4 38. Qd1 Qf6 39.
Ne2 Qxh4 40. Bg3 Qg4 41. Kf2 Be5 42. Qd2 Bxg3+ 43. Nxg3 Ne5 44. Ra3 Ra6 45.
Nf1 Rf6+ 46. Ke1 Qh4+ 47. g3 Nf3+ 48. Kd1 Nxd2 49. gxh4 Nxf1 50. Rxa4 g5
51. hxg5 hxg5 52. Ra5 Ne3+ 53. Ke2 Rc6 54. Ra1 g4 55. Rg1 Ra6 0-1

[Event "VIII World's Youth Stars"]
[Site "Kirishi RUS"]
[Date "2010.05.12"]
[Round "4"]
[White "Ganichev,Alex"]
[Black "Zherebukh,Y"]
[Result "0-1"]
[WhiteElo "2126"]
[BlackElo "2567"]
[EventDate "2010.05.09"]

1. e4 c5 2. Nf3 d6 3. d4 cxd4 4. Nxd4 Nf6 5. Nc3 a6 6. f4 e6 7. Qf3 Qb6 8.
Nb3 Qc7 9. Bd3 Nc6 10. O-O Be7 11. Bd2 O-O 12. Qg3 b5 13. Rae1 b4 14. Nd1
a5 15. e5 Nd5 16. c4 bxc3 17. Nxc3 Ndb4 18. Bb1 a4 19. Nc1 a3 20. bxa3 Rxa3
21. Nb3 d5 22. f5 exf5 23. Bh6 g6 24. Bxf8 Kxf8 25. Qe3 Qa7 26. Qxa7 Nxa7
27. Rd1 Ba6 28. Rf3 Nac6 29. Re1 d4 30. Nd1 Nxa2 31. e6 Bc4 32. Nxd4 Nxd4
33. Rxa3 Bxa3 34. Ne3 Bxe6 35. Bxa2 Bxa2 36. Ra1 Ne2+ 37. Kh1 Nc3 38. Nd1
Nxd1 39. Rxa2 Bc5 40. g3 Ne3 41. Ra5 Bd4 0-1

[Event "VIII World's Youth Stars"]
[Site "Kirishi RUS"]
[Date "2010.05.13"]
[Round "5"]
[White "Zherebukh,Y"]
[Black "Lintchevski,D"]
[Result "1/2-1/2"]
[WhiteElo "2567"]
[BlackElo "2503"]
[EventDate "2010.05.09"]

1. d4 d5 2. c4 c6 3. Nc3 Nf6 4. e3 a6 5. Qc2 e6 6. Nf3 c5 7. a3 Nc6 8. dxc5
Bxc5 9. b4 Bd6 10. Bb2 Qc7 11. Rd1 O-O 12. cxd5 Ne5 13. Bd3 Nxd3+ 14. Qxd3
Rd8 15. Ne4 Nxe4 16. Qxe4 exd5 17. Rxd5 f5 18. Qd3 Be6 19. Rd4 Rac8 20. Ng5
Qe7 21. Nxe6 Qxe6 22. O-O Be7 23. Rxd8+ Rxd8 24. Qc2 Rc8 25. Qd1 b5 26. Qf3
Rc2 27. Bd4 Bf8 28. Qa8 Rc8 29. Qb7 Qc6 30. Qxc6 Rxc6 31. Rb1 Kf7 32. Kf1
Ke6 33. Rb2 g6 34. Ke2 Rc1 35. Rd2 Bd6 36. h4 Be7 37. g3 Bd6 38. Kf3 Re1
39. Rc2 Kd7 40. Bb2 h5 41. Bd4 Rd1 42. Rc3 Rd2 43. Ba7 Be5 44. Rb3 Ke6 45.
e4 Rc2 46. Be3 Rc3 47. Rxc3 Bxc3 48. Bc1 Bd4 49. exf5+ gxf5 50. Kg2 Bc3 51.
f3 a5 52. bxa5 Bxa5 53. Kf2 Bc3 54. Ke3 Be5 55. Kf2 Bc3 56. Ke2 Be5 57. Kf2
Bc3 58. Kg2 b4 59. axb4 Bxb4 1/2-1/2

[Event "VIII World's Youth Stars"]
[Site "Kirishi RUS"]
[Date "2010.05.13"]
[Round "5"]
[White "Kashlinskaya,A"]
[Black "Ganichev,Alex"]
[Result "1/2-1/2"]
[WhiteElo "2346"]
[BlackElo "2126"]
[EventDate "2010.05.09"]

1. d4 Nf6 2. c4 g6 3. Nf3 Bg7 4. g3 O-O 5. Bg2 d5 6. cxd5 Nxd5 7. O-O Nb6
8. Nc3 Nc6 9. e3 Re8 10. d5 Na5 11. Nd4 Bd7 12. e4 c6 13. Re1 cxd5 14. exd5
Rc8 15. Bf4 Nac4 16. b3 Nd6 17. Qd2 Bf5 18. Rac1 Rxc3 19. Rxc3 Bxd4 20.
Qxd4 Nb5 21. Qe5 f6 22. Qe3 Nxc3 23. Qxc3 Nxd5 24. Qc4 e6 25. Rd1 Qe7 26.
Bxd5 exd5 27. Qxd5+ Qe6 28. Be3 Qxd5 29. Rxd5 a6 30. b4 Rc8 31. Rc5 1/2-1/2

[Event "VIII World's Youth Stars"]
[Site "Kirishi RUS"]
[Date "2010.05.13"]
[Round "5"]
[White "Bernadskiy,V"]
[Black "Oparin,G"]
[Result "1/2-1/2"]
[WhiteElo "2330"]
[BlackElo "2348"]
[EventDate "2010.05.09"]

1. e4 c5 2. Nf3 d6 3. d4 cxd4 4. Nxd4 Nf6 5. Nc3 a6 6. Be2 e6 7. O-O Be7 8.
f4 O-O 9. Be3 Nc6 10. Qe1 Qc7 11. Kh1 Nxd4 12. Bxd4 b5 13. a3 Bb7 14. Qg3
Rad8 15. Rae1 Rd7 16. Bd3 Re8 17. e5 dxe5 18. Bxe5 Qd8 19. f5 Bd6 20. Qh3
Bxe5 21. Rxe5 Rde7 22. Qg3 Qd6 23. fxe6 Rxe6 24. Rxe6 Qxe6 25. Ne2 Ne4 26.
Qh4 g6 27. Nd4 Qd5 28. Nf3 Nc5 29. Qf2 Nxd3 30. cxd3 Qxd3 31. Ne5 Qxf1+ 32.
Qxf1 Rxe5 33. Qd1 Bd5 34. Kg1 h5 35. Qd4 Rf5 36. Qb6 Bc4 37. h4 Kh7 38. b4
Rf4 39. Qxa6 Rxh4 40. a4 bxa4 41. Qxa4 Rg4 42. Qc6 Rf4 43. Qc7 Rf1+ 44. Kh2
Bb5 45. Qc5 Rf5 46. Qe7 Kg7 47. Qd6 Kh7 48. Qe7 Kg7 49. Qd6 Kh7 50. Qe7
1/2-1/2

[Event "VIII World's Youth Stars"]
[Site "Kirishi RUS"]
[Date "2010.05.13"]
[Round "5"]
[White "Bajarani,U"]
[Black "Shimanov,A"]
[Result "1/2-1/2"]
[WhiteElo "2422"]
[BlackElo "2544"]
[EventDate "2010.05.09"]

1. e4 c6 2. d4 d5 3. Nc3 dxe4 4. Nxe4 Bf5 5. Ng3 Bg6 6. h4 h6 7. Nf3 Nd7 8.
h5 Bh7 9. Bd3 Bxd3 10. Qxd3 e6 11. Bd2 Ngf6 12. O-O-O Be7 13. Qe2 c5 14.
dxc5 Qc7 15. Rh4 Nxc5 16. Rc4 b5 17. Rc3 Qb7 18. Nf5 O-O 19. Nxe7+ Qxe7 20.
Qxb5 Nce4 21. Rb3 Nd5 22. Bb4 Nxb4 23. Rxb4 Nf6 24. Rc4 Rab8 25. Qe5 Qb7
26. b3 Rfc8 27. Rxc8+ Rxc8 28. c4 Qb4 29. Kb2 Qb6 30. Qd4 Qb7 31. Ne5 a5
32. Nd7 Nxd7 33. Qxd7 Qb8 34. f4 a4 35. g3 Qa8 36. Rd2 Rb8 37. Qc7 Rc8 38.
Qd7 Rb8 39. Qc7 Re8 40. Qd6 Rc8 41. b4 Qf3 42. Qd3 Qxh5 43. a3 e5 44. f5
Qg4 45. c5 e4 46. Qd7 Rf8 47. f6 Qf3 48. fxg7 Kxg7 49. Qd4+ Kg8 50. Qc4 e3
51. Re2 Rd8 52. c6 Rd4 53. Qc2 Qf6 54. Kb1 Qf1+ 55. Kb2 Qf6 56. Kb1 Qf1+
57. Kb2 Qf6 1/2-1/2

[Event "VIII World's Youth Stars"]
[Site "Kirishi RUS"]
[Date "2010.05.13"]
[Round "5"]
[White "Ter Sahakyan,S"]
[Black "Sethuraman,S"]
[Result "1-0"]
[WhiteElo "2523"]
[BlackElo "2493"]
[EventDate "2010.05.09"]

1. e4 e5 2. Nf3 Nc6 3. Bb5 a6 4. Ba4 Nf6 5. O-O Be7 6. Re1 b5 7. Bb3 d6 8.
c3 O-O 9. h3 Na5 10. Bc2 c5 11. d4 Nd7 12. Nbd2 exd4 13. cxd4 Nc6 14. d5
Nce5 15. Nxe5 Nxe5 16. f4 Ng6 17. Nf3 f5 18. e5 Bb7 19. e6 Qc7 20. Be3 Bf6
21. Bxf5 Bxb2 22. Bxg6 hxg6 23. Rb1 Bc3 24. Rf1 Qe7 25. Qd3 b4 26. g4 Qf6
27. Ng5 a5 28. Qe4 Bd4 29. Rbe1 Rae8 30. Rf2 Bxe3 31. Rxe3 Rc8 32. h4 c4
33. f5 Qe7 34. Nf7 Qc7 35. fxg6 Qc5 36. Rf5 1-0

[Event "VIII World's Youth Stars"]
[Site "Kirishi RUS"]
[Date "2010.05.14"]
[Round "6"]
[White "Oparin,G"]
[Black "Bajarani,U"]
[Result "1/2-1/2"]
[WhiteElo "2348"]
[BlackElo "2422"]
[EventDate "2010.05.09"]

1. e4 e6 2. d4 d5 3. Nc3 Nc6 4. Nf3 Nf6 5. e5 Ne4 6. Bb5 Bd7 7. Bd3 Nxc3 8.
bxc3 Be7 9. h4 Na5 10. Ng5 Ba4 11. Qf3 Bxg5 12. hxg5 g6 13. Rb1 Qe7 14. Rb4
Bc6 15. Qf6 Qxf6 16. gxf6 h5 17. f3 O-O-O 18. Kf2 Bd7 19. Rh4 c5 20. Rb1
Nc6 21. Be3 a6 22. Rbh1 Rhe8 23. g4 cxd4 24. cxd4 Nb4 25. gxh5 Nxd3+ 26.
cxd3 gxh5 27. Rxh5 Bb5 28. Rh7 Rd7 29. Ke2 Kb8 30. Bd2 Rc8 31. Rh8 Rdd8 32.
Rxd8 Rxd8 33. Rh7 Be8 34. f4 Kc7 35. Bb4 b6 36. Rh1 Rc8 37. Kd2 a5 38. Bd6+
Kd7 39. Rb1 Rc6 40. a3 Kc8 41. Be7 Kd7 42. Rg1 Rc8 43. Rg8 Ra8 44. Rf8 Rc8
45. Rh8 Ra8 46. Rg8 Rc8 47. Rg1 Rc6 48. Rb1 Kc8 49. Ke3 Kc7 50. Bd6+ Kb7
51. Rg1 Kc8 52. Kd2 Kd7 53. Rb1 1/2-1/2

[Event "VIII World's Youth Stars"]
[Site "Kirishi RUS"]
[Date "2010.05.14"]
[Round "6"]
[White "Ganichev,Alex"]
[Black "Bernadskiy,V"]
[Result "0-1"]
[WhiteElo "2126"]
[BlackElo "2330"]
[EventDate "2010.05.09"]

1. e4 c5 2. Nf3 d6 3. d4 cxd4 4. Qxd4 a6 5. c4 Nc6 6. Qe3 g6 7. h3 Bg7 8.
Nc3 Nf6 9. Be2 O-O 10. O-O Nd7 11. Rb1 e5 12. Rd1 Nc5 13. b4 Ne6 14. Nd5 f5
15. Bd3 a5 16. b5 Ncd4 17. Nxd4 exd4 18. Qg3 fxe4 19. Bxe4 Be5 20. f4 Bg7
21. Ba3 Nc5 22. Bxc5 dxc5 23. b6 Qd6 24. Qg5 Kh8 25. h4 Bf5 26. Re1 d3 27.
Bxf5 Rxf5 28. Qe7 Rxd5 29. cxd5 Qxd5 30. Qe4 Qd4+ 31. Qxd4 Bxd4+ 32. Kf1 c4
33. Re4 Rd8 34. Rd1 Rd7 35. Re8+ Kg7 36. Rc8 Bxb6 37. Rxc4 Kf6 38. Rc3 d2
39. Ke2 a4 40. Rd3 Rxd3 41. Kxd3 Ba5 42. g4 h5 43. gxh5 gxh5 44. Ke2 b5 45.
Rg1 Bc3 46. Kd3 b4 47. a3 Kf5 48. Kc4 Kxf4 49. axb4 Be5 50. Kd3 a3 51. Kxd2
Kf3 52. b5 a2 53. b6 Kf2 54. Rd1 a1=Q 55. Rxa1 Bxa1 56. b7 Be5 57. Kd3 Kf3
58. Kd2 Bg3 59. Kd1 Ke3 60. Kc1 Ke2 61. Kc2 Be5 62. Kc1 Bb8 63. Kc2 Bf4 64.
Kc3 Ke3 65. Kc2 Be5 66. Kd1 Bg3 67. Kc1 Bf4 68. Kc2 Kf2 69. Kd3 Kf3 70. Kd4
Kg3 71. Ke4 Kg4 72. Kd3 Kxh4 73. Ke2 Kg3 74. Kf1 Kh2 75. Kf2 h4 76. Kf3 Bb8
77. Kf2 h3 78. Kf1 Ba7 0-1

[Event "VIII World's Youth Stars"]
[Site "Kirishi RUS"]
[Date "2010.05.14"]
[Round "6"]
[White "Lintchevski,D"]
[Black "Kashlinskaya,A"]
[Result "1-0"]
[WhiteElo "2503"]
[BlackElo "2346"]
[EventDate "2010.05.09"]

1. e4 e5 2. Nf3 Nc6 3. Nc3 Nf6 4. Bb5 Nd4 5. Bc4 d6 6. Ng5 Ne6 7. d3 Be7 8.
O-O O-O 9. Nxe6 Bxe6 10. Bb3 d5 11. exd5 Nxd5 12. Nxd5 Bxd5 13. Re1 Qd6 14.
Qe2 Bf6 15. Bd2 Rfe8 16. Bc3 Bc6 17. Qg4 Rad8 18. Re3 Bd5 19. Rae1 Re6 20.
f4 Bxb3 21. fxe5 Qb6 22. exf6 g6 23. Qf4 Rxe3 24. Rxe3 Re8 25. Bd4 1-0

[Event "VIII World's Youth Stars"]
[Site "Kirishi RUS"]
[Date "2010.05.15"]
[Round "7"]
[White "Kashlinskaya,A"]
[Black "Bukavshin,I"]
[Result "1-0"]
[WhiteElo "2346"]
[BlackElo "2435"]
[EventDate "2010.05.09"]

1. d4 Nf6 2. c4 e6 3. Nc3 Bb4 4. e3 O-O 5. Bd3 d5 6. Nf3 c5 7. O-O Nc6 8.
a3 Ba5 9. Ne2 cxd4 10. exd4 dxc4 11. Bxc4 h6 12. Bf4 Ne7 13. Rc1 Nfd5 14.
Bg3 Bd7 15. Ne5 Be8 16. b4 Bb6 17. Qb3 Nf5 18. Rfd1 a5 19. b5 a4 20. Qb1
Nd6 21. Bxd5 exd5 22. Nc3 Ba5 23. Nxd5 Nxb5 24. Qa2 Nxa3 25. Ne3 Nb5 26.
Ng6 Nc3 27. Rxc3 Bxc3 28. Nxf8 Ra6 29. Qc2 Bxd4 30. Qh7+ Kxf8 31. Qh8+ Ke7
32. Nf5+ Kf6 33. Bh4+ Kxf5 34. Bxd8 a3 35. Qxe8 a2 36. Qd7+ 1-0

[Event "VIII World's Youth Stars"]
[Site "Kirishi RUS"]
[Date "2010.05.15"]
[Round "7"]
[White "Bernadskiy,V"]
[Black "Lintchevski,D"]
[Result "1/2-1/2"]
[WhiteElo "2330"]
[BlackElo "2503"]
[EventDate "2010.05.09"]

1. e4 c5 2. Nf3 e6 3. d4 cxd4 4. Nxd4 Nf6 5. Nc3 Nc6 6. Ndb5 d6 7. Bf4 e5
8. Bg5 a6 9. Na3 b5 10. Nd5 Be7 11. Bxf6 Bxf6 12. c4 b4 13. Nc2 a5 14. Be2
O-O 15. O-O Bg5 16. Qd3 Be6 17. Rad1 Bxd5 18. cxd5 Nb8 19. Ne3 Nd7 20. Rc1
Bxe3 21. Qxe3 Nc5 22. Bb5 Qe7 23. Bc6 Rad8 24. Rxc5 dxc5 25. Rc1 f5 26.
Qxc5 Qxc5 27. Rxc5 fxe4 28. Kf1 Rd6 29. Ke2 Rg6 30. Ke3 Kf7 31. Rxa5 Ke7
32. a3 Rxg2 33. Ra7+ Kd6 34. Rd7+ Kc5 35. axb4+ Kxb4 36. Kxe4 Rgxf2 37.
Kxe5 Kc5 38. b4+ Kxb4 39. d6 Kc5 40. Be4 R2f7 41. Re7 g6 42. h3 Kb6 1/2-1/2